000
00297nam a22001217a 4500
003
SGT
082
_a
349.5409
_b
SIN
100
_a
SINGH, M.P
245
_a
OUTLINES OF INDIAN LEGAL AND CONSTITUTIONAL HISTORY
260
_a
DELHI
_b
UNIVERSAL BOOK TRADERS
_c
1993
300
_a
VIII,224
942
_2
ddc
_c
BK
999
_c
18441
_d
18441